000 00471cam a2200145 4500500
005 20260329002213.0
041 _afre
042 _adc
100 1 0 _ade Gaudemar, Martine
_eauthor
245 0 0 _aConfessions d’une mangeuse de viande
260 _c2011.
500 _a81
786 0 _nPhilosophie magazine | 48 | 4 | 2011-04-01 | p. 47-48 | 1951-1787
856 4 1 _uhttps://shs.cairn.info/magazine-philosophie-magazine-2011-4-page-47?lang=fr&redirect-ssocas=7080
999 _c1812687
_d1812687